RESOURCE TOOLS: IN SOCIOLOGY OF EDUCATION (Record no. 12498)

MARC details
000 -LEADER
fixed length control field 00298nam a22001337a 4500
003 - CONTROL NUMBER IDENTIFIER
control field SGT
082 ## - DEWEY DECIMAL CLASSIFICATION NUMBER
Classification number 370
Item number R01R
100 ## - MAIN ENTRY--PERSONAL NAME
Personal name RUHELA, S.P.
245 ## - TITLE STATEMENT
Title RESOURCE TOOLS: IN SOCIOLOGY OF EDUCATION
260 ## - PUBLICATION, DISTRIBUTION, ETC. (IMPRINT)
Place of publication, distribution, etc NEW DELHI
Name of publisher, distributor, etc INDIAN PUB
Year of Publication 2001
300 ## - PAGE DESCRIPTION
No. of Pages 341
650 ## - SUBJECT ADDED ENTRY--TOPICAL TERM
Topical term or geographic name as entry element EDUCATION
942 ## - ADDED ENTRY ELEMENTS (KOHA)
Source of classification or shelving scheme Dewey Decimal Classification
Koha item type Books
Holdings
Withdrawn status Lost status Source of classification or shelving scheme Damaged status Not for loan Collection code Home library Current library Shelving location Date acquired Vendor Name Cost, normal purchase price SGTU Bill Number Full call number Accession No. (Barcode) Date last seen Bill Date Koha item type
    Dewey Decimal Classification     EDUCATION SGT Engineering Library SGT Engineering Library Text Book 17/07/2017 INDIAN PUB 550.00 SGTU 102 370 R01R ED2819 17/07/2017 22/11/2016 Books
    Dewey Decimal Classification     EDUCATION SGT Engineering Library SGT Engineering Library Text Book 17/07/2017 INDIAN PUB 550.00 SGTU 102 370 R01R ED2820 17/07/2017 22/11/2016 Books